00693nam a2200217 a 450000100060000000300080000600500170001400800410003103500300007203500190010204000270012104100080014808200240015624500890018026000370026930000290030649000400033560000490037565000190042470000320044377367BD-RjUL20211209082949.0200318s1964 enk 000 0 eng d aOCLC 20223334 from mcbo35 a(BD-RjUL)77592 aVARcVARbengdBD-RjUL aeng 223a821.2bHEN 196400aHenry Howard, Earl of Surrey :bpoems appreciations /cby Thomas Warton ... [et al.] aOxford :bClarendon Press,c1964 axxxiv, 169 p. ; c19 cm.0 aClarendon medieval and Tudor series10aSurrey, Henry Howard,cEarl of,d1517?-1547. aEnglish poetry1 aWarton, Thomas,d1728-1790.